LEADER 02707nas 2200829-a 450 001 996214091003316 005 20240119213020.0 011 $a1467-2995 035 $a(DE-599)ZDB2020582-X 035 $a(OCoLC)45279509 035 $a(CKB)963017846306 035 $a(CONSER)---00242333- 035 $a(EXLCZ)99963017846306 100 $a20001103b20002016 s-- - 101 0 $aeng 135 $aurmnu|||||||| 181 $ctxt$2rdacontent 182 $cc$2rdamedia 183 $acr$2rdacarrier 200 10$aVeterinary anaesthesia and analgesia 210 $a[Oxford, England] $cBlackwell Pub.$d©2000-2016 215 $a1 online resource 300 $aTitle from table of contents screen (publisher Web site, viewed Feb. 27, 2004). 311 08$aPrint version: Veterinary anaesthesia and analgesia 1467-2987 (DLC) 00244548 (OCoLC)44082807 531 $aVET ANAESTH ANALG 531 $aVET. ANAESTH. ANALG 531 10$aVet Anaesth Analg 606 $aVeterinary anesthesia$vPeriodicals 606 $aAnesthesia$xveterinary 606 $aAnalgesia$xveterinary 606 $aAnesthetics 606 $aAnesthesiology$2ebps 606 $aVeterinary Medicine$2ebps 606 $aVeterinary anesthesia$2fast$3(OCoLC)fst01165873 606 $aTiermedizin$2gnd 606 $aAnästhesie$2gnd 606 $aZeitschrift$2gnd 606 $aOnline-Ressource$2gnd 606 $aAnalgésie$2rasuqam 606 $aAnesthésie vétérinaire$2rasuqam 606 $aAnimal$2rasuqam 606 $aSoulagement de la douleur$2rasuqam 608 $aFulltext. 608 $aInternet Resources. 608 $aPeriodicals. 608 $aPeriodicals.$2fast 608 $aPeriodicals.$2lcgft 608 $aPériodique électronique (Descripteur de forme)$2rasuqam 608 $aRessource Internet (Descripteur de forme)$2rasuqam 615 0$aVeterinary anesthesia 615 12$aAnesthesia$xveterinary. 615 22$aAnalgesia$xveterinary. 615 22$aAnesthetics. 615 7$aAnesthesiology. 615 7$aVeterinary Medicine. 615 7$aVeterinary anesthesia. 615 7$aTiermedizin 615 7$aAnästhesie 615 7$aZeitschrift 615 7$aOnline-Ressource 615 7$aAnalgésie. 615 7$aAnesthésie vétérinaire. 615 7$aAnimal. 615 7$aSoulagement de la douleur. 676 $a636.089796 712 02$aAssociation of Veterinary Anaesthetists, 712 02$aAmerican College of Veterinary Anesthesiologists, 712 02$aEuropean College of Veterinary Anaesthesia, 906 $aJOURNAL 912 $a996214091003316 996 $aVeterinary anaesthesia and analgesia$9786871 997 $aUNISA